PLANT PHYSIOLOGY (Record no. 5426)

MARC details
000 -LEADER
fixed length control field 00340nam a22001457a 4500
005 - DATE AND TIME OF LATEST TRANSACTION
control field 20170406102954.0
008 - FIXED-LENGTH DATA ELEMENTS--GENERAL INFORMATION
fixed length control field 170406b xxu||||| |||| 00| 0 eng d
020 ## - INTERNATIONAL STANDARD BOOK NUMBER
ISBN 81-7133-785-6
041 ## - LANGUAGE CODE
Language code of text/sound track or separate title eng
100 ## - MAIN ENTRY--AUTHOR NAME
Personal name SRIVASTAVA, H.S.
245 ## - TITLE STATEMENT
Title PLANT PHYSIOLOGY
260 ## - PUBLICATION, DISTRIBUTION, ETC. (IMPRINT)
Place of publication MEERUT
Name of publisher RASTOGI PUBLICATION
300 ## - PHYSICAL DESCRIPTION
Number of Pages 446
942 ## - ADDED ENTRY ELEMENTS (KOHA)
Koha item type Books
Holdings
Lost status Damaged status Collection code Home library Current library Shelving location Date acquired Source of acquisition Cost, normal purchase price Accession Number Koha item type Full call number
    AGRICULTURE JRU Library JRU Library SHELF-15-B 06/04/2017 PURCHESS 255.00 21710 Books  
    Reference JRU Library JRU Library SHELF-2-B 06/04/2017 PURCHESS 255.00 21711 Books 572.8
    AGRICULTURE JRU Library JRU Library SHELF-46-A 06/04/2017 PURCHESS 255.00 21712 Books  
    AGRICULTURE JRU Library JRU Library SHELF-46-A 06/04/2017 PURCHESS 255.00 21713 Books  
    AGRICULTURE JRU Library JRU Library SHELF-46-A 06/04/2017 PURCHESS 255.00 21714 Books